Регионална библиотека "Любен Каравелов" - Русе

Наръчник на електротехника в селското стопанство (Запис номер 60070)

MARC детайли
000 -Лидер
Контролно поле с фиксирана дължина nam a22 a 4500
003 - Код на организацията, давaща контролен номер
Контролно поле BLK
005 - Дата и час на последна редакция
Контролно поле 20220907160750.0
008 - Елементи от данни с фиксирана дължина
fixed length control field 180408b bul|||||r ||||||| ||bul||
010 ## - Наследен системен номер
LC control number KNG00064200000
040 ## - Източник на каталожния запис
Идентификатор на билиотеката - собственик на записа BLK
041 ## - Код за език
Код за езика на текст/звукозапис или на отделно заглавие Български
Код за езика КДБФ Български
080 ## - УДК
Текстов определител УДК Селскостопански машини и инструменти. Селскостопанско машиностроене
УДК код - определител по УДК 631.3
УДК определител (035)
УДК - код + определител 631.3(035)
100 1# - Редна дума - Автор
Автор Пармаков, Димитър Й.
Авторска отговорност първи автор
R(LIN) 289572
139 ## - Редно поле
Редна дума Пармаков, Димитър Й. и др.
Авторски знак Пар - П 22
245 10 - Сведения за заглавието
Заглавие Наръчник на електротехника в селското стопанство
Редно поле (дума) Димитър Й. Пармаков; съавт. Ганчо Ив. Христов; съавт. Стоил Г. Станкев.
250 ## - Област на изданието
Сведения за изданието 2. прераб. и доп. изд
257 ## - Страна на издаване
Страна на създаване/издаване България
260 ## - Област на издателските данни
Място на издаване, разпространение и проч. София
Име на издателя, разпространителя и проч. Земиздат
Година на издаване 1974
Печатница Хасково : Ат. Стратиев
300 ## - Физическа характеристика
Страници 352 с.
Размери/Мащаб 21 см
380 ## - Жанр
Жанр Селско стопанство
650 #4 - Допълнително описание по предмет – тема
Основно описание – тема или топоним Селскостопански машини и оръдия
9 (RLIN) 274068
653 ## - Ключова дума – ненормативна
Ключова дума селско стопанство
700 1# - Други автори (авторска отговорност)
Лично име Христов, Ганчо Ив.
Автороска отговорност (Описва отношението между автора и произведението) съавт.
9 (RLIN) 289573
700 1# - Други автори (авторска отговорност)
Лично име Станкев, Стоил Г.
Автороска отговорност (Описва отношението между автора и произведението) съавт.
9 (RLIN) 289574
852 ## - Местоположение
Форматна сигнатура Цб 73538
Фондова буква Хранилище
856 4# - Електронен адрес и достъп
Електронен формат pdf - файл
856 4# - Електронен адрес и достъп
Електронен формат pdf - файл
999 ## - СИСТЕМНИ КОНТРОЛНИ НОМЕРА
Koha biblionumber 60070
Koha biblioitemnumber 60070
942 ## - АРТИКУЛИ
Вид на библиотечния материал Книги
Скрит в OPAC Не
Периодичен библиозапис Да
944 ## - СЪЗДАВАНЕ И РЕДАКЦИЯ на ЗАПИСА
Създаване/Редакция Създаване
Дата на регистрацията/редакция 13.06.2004
Служител, извършил регистрацията/редакцията Читалня
944 ## - СЪЗДАВАНЕ И РЕДАКЦИЯ на ЗАПИСА
Създаване/Редакция Редакция
Дата на регистрацията/редакция 2022-09-07
Служител, извършил регистрацията/редакцията ир
999 ## - СИСТЕМНИ КОНТРОЛНИ НОМЕРА
Koha biblioitemnumber 60070
Наличности
Код за отписване Код за изгубен артикул Източник на класификационната схема Код за повреда Коз за рестрикции Код за отдаване Артикулен № Име на библиотеката - собственик Име на библиотеката, в която се намира в момента Статус (Текущо местоположение) Дата на вписване в системата Местоположение - отдел Цена в лева Инвентарен номер Систематично азбучна сигнатура Баркод Номер на екземпляра Цена в евро Служебна бележка Служебен тип на артикула
Изтеглен Не е изгубен Universal Decimal Classification Не е повреден без рестрикции ползва се в читалня 98646 Регионална библиотека "Любен Каравелов" Русе Регионална библиотека "Любен Каравелов" Русе Читалня 1993-01-01 Читалня 1.44 173095 Ч 631.3/П22Д 173095 1 0.74 Дата инв: 20.03.2017 Бележки инв: Ч2017 Книги
  Не е изгубен Universal Decimal Classification Не е повреден само за читалня ползва се в читалня 98647 Регионална библиотека "Любен Каравелов" Русе Регионална библиотека "Любен Каравелов" Русе Хранилище 1974-01-01 Хранилище 1.44 172083 Цб 73538 120000172083 2 0.74 Дост: Dp Вид: Сф Дата: 01.01.1974 Книги
Изтеглен Не е изгубен Universal Decimal Classification Не е повреден без рестрикции заемане за дома 98648 Регионална библиотека "Любен Каравелов" Русе Регионална библиотека "Любен Каравелов" Русе Заемна - подръчен фонд 1974-01-01 Заемна - подръчен фонд 0.00 173092 П 631.3/П 22 173092 3 0.00 Дост: Pk Вид: Сф Дата: 01.01.1974 Книги
Изтеглен Не е изгубен Universal Decimal Classification Не е повреден без рестрикции заемане за дома 98649 Регионална библиотека "Любен Каравелов" Русе Регионална библиотека "Любен Каравелов" Русе Заемна - подръчен фонд 1974-01-01 Заемна - подръчен фонд 1.44 173094 П 631.3/П 22 173094 4 0.74 Дост: Pk Вид: Сф Дата: 01.01.1974 Книги
Vip Innovations Ltd, Rousse, Bulgaria 2025